[Event "Hessen-ch U18"]
[Site "Bad Homburg"]
[Date "2005.??.??"]
[Round "4"]
[White "Luederitz, Sebastian"]
[Black "Sharikov, Eugen"]
[Result "0-1"]
[WhiteElo "1568"]
[BlackElo "1545"]
[PlyCount "86"]
[EventDate "2005.04.??"]
[EventType "swiss"]
[EventRounds "8"]
[EventCountry "GER"]
[SourceTitle "EXT 2007"]
[Source "ChessBase"]
[SourceDate "2006.11.23"]
[SourceVersion "1"]
[SourceVersionDate "2006.11.23"]
[SourceQuality "1"]

1. e4 c5 2. Nf3 d6 3. Bb5+ Bd7 4. Bxd7+ Nxd7 5. d3 Ngf6 6. Be3 g6 7. c4 Bg7 8. Nc3 0-0 9. Qc1 Ng4 10. h3 Nge5 11. Nxe5 Nxe5 12. Qd2 b6 13. f4 Nc6 14. g4 Nd4 15. 0-0-0 Qd7 16. g5 e6 17. h4 a6 18. h5 b5 19. Bxd4 Bxd4 20. b3 Rfb8 21. Rh4 Rb7 22. Rdh1 Qe8 23. Ne2 Bh8 24. Ng3 Bd4 25. Ne2 Bh8 26. Ng3 Raa7 27. f5 exf5 28. exf5 Qe5 29. Re4 Qa1+ 30. Kc2 Qxa2+ 31. Kd1 Qxb3+ 32. Qc2 Qxc2+ 33. Kxc2 Re7 34. Rhe1 Rxe4 35. Rxe4 Be5 36. f6 h6 37. hxg6 fxg6 38. gxh6 Kh7 39. Re2 Bxf6 40. Re6 Be5 41. Ne4 bxc4 42. dxc4 a5 43. Nxc5 Rc7 0-1

[Event "Hessen-ch U18"]
[Site "Bad Homburg"]
[Date "2005.??.??"]
[Round "8"]
[White "Schmidt, Florian"]
[Black "Sharikov, Eugen"]
[Result "1-0"]
[WhiteElo "1789"]
[BlackElo "1545"]
[PlyCount "131"]
[EventDate "2005.04.??"]
[EventType "swiss"]
[EventRounds "8"]
[EventCountry "GER"]
[SourceTitle "EXT 2007"]
[Source "ChessBase"]
[SourceDate "2006.11.23"]
[SourceVersion "1"]
[SourceVersionDate "2006.11.23"]
[SourceQuality "1"]

1. d4 d5 2. c4 Nc6 3. Nc3 Nf6 4. Nf3 Bf5 5. Bg5 Ne4 6. e3 Nxg5 7. Nxg5 e6 8. Nf3 Bb4 9. c5 a6 10. Qd2 Qd7 11. a3 Bxc3 12. Qxc3 0-0 13. Be2 Rfe8 14. a4 f6 15. b4 Na7 16. 0-0 c6 17. Nh4 e5 18. Nxf5 Qxf5 19. Bd3 e4 20. Be2 Qd7 21. f3 f5 22. f4 Kh8 23. Kh1 Rg8 24. h4 h6 25. Qe1 Qe7 26. g4 Raf8 27. Qg3 g6 28. Rab1 Qd7 29. Rb2 Rg7 30. Rfb1 Rfg8 31. b5 axb5 32. axb5 h5 33. g5 Nxb5 34. Bxb5 cxb5 35. Rxb5 Rc8 36. Qe1 Rc7 37. Qa5 Qc8 38. Rb6 Kh7 39. Rf6 Rc6 40. Rb6 Rgc7 41. Qb4 Kg7 42. Rd6 Rxd6 43. Rxd6 Rd7 44. Re6 Qf8 45. Qb6 Qf7 46. Rf6 Qe8 47. Qe6 Qxe6 48. Rxe6 Kf7 49. Rb6 Rc7 50. Kg2 Rc6 51. Rxb7+ Ke8 52. Ra7 Kd8 53. Kf2 Kc8 54. Ke2 Kb8 55. Ra4 Kb7 56. Kd2 Ra6 57. Rxa6 Kxa6 58. Kc3 Kb5 59. Kb3 Ka5 60. c6 Kb6 61. Kb4 Kxc6 62. Ka5 Kc7 63. Kb5 Kd6 64. Kb6 Kd7 65. Kc5 Ke6 66. Kc6 1-0

[Event "Baunatal op 8th"]
[Site "Baunatal"]
[Date "2002.08.10"]
[Round "4"]
[White "Zichler, Walter"]
[Black "Sharikov, Eugen"]
[Result "0-1"]
[WhiteElo "1371"]
[BlackElo "1284"]
[PlyCount "118"]
[EventDate "2002.08.09"]
[EventType "swiss"]
[EventRounds "7"]
[EventCountry "GER"]
[SourceTitle "EXT 2003"]
[Source "ChessBase"]
[SourceDate "2002.11.25"]
[SourceVersion "1"]
[SourceVersionDate "2002.11.25"]
[SourceQuality "1"]

1. e4 e5 2. f4 d6 3. Nf3 Nc6 4. Bb5 Bd7 5. 0-0 Nf6 6. Nc3 Be7 7. d3 0-0 8. Bxc6 Bxc6 9. fxe5 dxe5 10. Nxe5 Qd4+ 11. Kh1 Qxe5 12. Bf4 Qe6 13. Bxc7 Rac8 14. Bg3 Ng4 15. Qe1 Bd7 16. h3 Qh6 17. Nd5 Bd8 18. c3 Nf6 19. Bf4 Qg6 20. Bd6 Re8 21. Nf4 Qg5 22. e5 Bc6 23. Qf2 Nh5 24. Nxh5 Qxh5 25. Kh2 Bh4 26. g3 Be7 27. g4 Qg6 28. Bxe7 Rxe7 29. d4 Bd7 30. Qf4 Be6 31. Rad1 Bd5 32. a3 Qc2+ 33. Qf2 Qxf2+ 34. Rxf2 Rc6 35. Re1 Rce6 36. Rc2 Bb3 37. Rcc1 f6 38. c4 fxe5 39. d5 Rf6 40. Kg3 Rc7 41. c5 Bxd5 42. Rxe5 Bc6 43. Re3 Kf7 44. b4 a6 45. Rce1 Rd7 46. h4 h6 47. Rc3 Kg8 48. Rce3 Kf8 49. g5 hxg5 50. hxg5 Rf5 51. Kh4 g6 52. Re6 Rd4+ 53. Kg3 Rf3+ 54. Kh2 Rh4+ 55. Kg1 Rff4 56. Rf6+ Rxf6 57. gxf6 Rh1+ 58. Kf2 Rxe1 59. Kxe1 Kf7 0-1